00611 2200217 4500001002100000005001500021035002000036007000300056008004100059020002200100082000800122084001400130100001500144245008400159250001100243260004500254300004700299650001200346700001900358990001600377INLIS00000000000002220220513083557 a0010-0522000004ta220513 b 0 ind  a978-602-01-1867-3 a372 a372 SUL u0 aSulartinah1 aUDARA BERSIH DAN KESEHATAN :bTematik Terpadu untuk SD/MI Kelas V /cSulartinah aRevisi aBandung :bGrafindo Media Pratama,c2017 a130 halaman :bilustrasi berwarna ;c25 cm 4aTematik0 aMomon Sulaeman a00000000020